000
00326nam a2200109Ia 4500
008
200302s9999 xx 000 0 und d
100
_a
Stephen Helba (Ed)
245
_a
Carpentry Level Three: Trainee guide National Centre for Construction Education & Research
260
_b
Prentice Hall, USA
260
_c
2002
300
_a
11.41
999
_c
4609
_d
4609